000 00487nam a2200205Ia 4500
003 OSt
005 20221005113606.0
006 a|||||r|||| 00| 0
007 ta
008 221004b |||||||| |||| 00| 0 eng d
024 _a112885
037 _cTextual
040 _aCRL
_cCRL
_beng
041 _2eng
_aeng
100 _aLal Bimla Charan
_9624583
245 0 _aA History of Pali Literature
490 _v1
942 _cTEXL
_2cc
999 _c1028674
_d1028674